000
00273nam a2200121Ia 4500
005
20251222143119.0
008
251222s9999||||xx |||||||||||||| ||spa||
082
_a
245.1/D85
100
_a
Doig Klinge, Germán
245
0
_a
El Silencio:
264
_b
Aprodea
942
_c
LIB
999
_c
11453
_d
11453